Návrh montáže crossového bicykla

Enregistré dans:
Détails bibliographiques
Auteur principal: Gondár, Andrej (Auteur)
Autres auteurs: Václav, Štefan (Directeur de thèse)
Format: Manuscrit Livre
Langue:slovaque
Publié: 2016
Sujets:
Accès en ligne:http://is.stuba.sk/zp/portal_zp.pl?podrobnosti=121003
Tags: Ajouter un tag
Pas de tags, Soyez le premier à ajouter un tag!

MARC

LEADER 00000ntm a22000003a 4500
001 stuzp56234
003 SK-STU
005 20160719154935.8
007 ta
008 150427s2015----xo-----f-mn---000-0-slo-d
040 |a STU  |b slo 
041 0 |a slo 
100 1 |a Gondár, Andrej  |u 063000  |4 aut  |U MTF Materiálovotechnologická fakulta  |T MTF Ústav výrobných technológií  |X 47098  |U M3000  |Y 83  |7 47098 
242 0 1 |a Design for assembly of cross bicycle  |y eng 
245 1 0 |a Návrh montáže crossového bicykla 
260 |c 2016 
650 4 |a montáž  |2 slo 
650 4 |a bicykel  |2 slo 
650 4 |a návrh  |2 slo 
650 4 |a design  |2 eng 
650 4 |a assembly  |2 eng 
650 4 |a bicycle  |2 eng 
700 1 |a Václav, Štefan  |u 063800  |k Z1  |4 ths  |U MTF Ústav výrobných technológií  |T MTF Katedra výrobných systémov, metrológie a montáže  |X 2778  |U M3800  |Y 660  |7 A000002778 
856 4 |u http://is.stuba.sk/zp/portal_zp.pl?podrobnosti=121003 
996 |c M* BP-7683  |l MMSKP  |s P  |a 0  |w stuzp56234_0001 
SQL |a stuzp56234  |b DBP  |c SLO  |d Návrh montáže crossového bicykla  |e 47098  |f Gondár, Andrej  |g 063000  |h 2778  |i Václav, Štefan  |j 20160621  |k 174  |l 06  |m http://is.stuba.sk/zp/portal_zp.pl?podrobnosti=121003  |n B-PPT  |o 5.2.51. výrobné technológie